00650nam a22001937a 450000500170000000800410001702000190005808200150007710000210009224500270011325000120014026000310015230000170018350000200020065000370022094200070025799900170026495201750028120260127113327.0260127b |||||||| |||| 00| 0 eng d a978-813150394200a519.5bCAS1 aCasella, George,10aStatistical Inference  a2nd ed  aLondon :bCRC Press,c2024 axxix, 535 p: aIncludes index. aStatistics / Management Science  cBK c46971d46971 00w2026-01-271040708Business AdministrationaAUKbAUKcStatisticsd2026-01-27eAli Book Services g3247.00iKMA/10536l0o519.5 CASpAUKP4854r2026-01-27 11:35:05yBK